| 000 | 00546nam a2200229Ia 4500 | ||
|---|---|---|---|
| 003 | OSt | ||
| 005 | 20240417091853.0 | ||
| 008 | 210323s9999||||xx |||||||||||||| ||und|| | ||
| 020 | _a8185218293 | ||
| 040 | _cSTCPL | ||
| 041 | _aENG | ||
| 082 |
_a823.09 _bVEN-M |
||
| 100 | _aReddy, Venkata | ||
| 245 | 0 |
_aMajor Indian novelists / _cby Venkata Reddy |
|
| 260 |
_aNew Delhi : _bPrestige , _c1990 . |
||
| 300 |
_a104 p. _bHB |
||
| 650 | _aEnglish literature | ||
| 650 | _aFiction | ||
| 650 | _aCriticism | ||
| 942 | _cBK | ||
| 942 | _2ddc | ||
| 999 |
_c55743 _d55743 |
||